000 00558nam a2200181Ia 4500
003 GCL
008 140319s9999 xx 000 0 ara d
040 _aGCL /
_cGCL
082 0 4 _a811.1
_bاا
100 1 _aاحمد محمد النجار
245 1 0 _aاساليب الصناعة فى الشعر الجاهلى /
_cاحمد محمد النجار
260 _a[S.N] :
_bالصدر لخدمات الطباعة ،
_c1992
300 _a329 ص
490 _a
650 0 4 _aالشعر العربى
650 0 4 _aالعصر الجاهلى
942 _2ddc
_cBK
999 _c36702
_d36702